| 000 | 00423nam a22001817a 4500 | ||
|---|---|---|---|
| 005 | 20130913113153.0 | ||
| 010 | _aG-2230 | ||
| 020 |
_a9788184778731 _c110.00 |
||
| 035 | _aG-2230 | ||
| 037 | _aGIFT | ||
| 082 | _aS | ||
| 100 | _aAnand,Paro | ||
| 245 |
_aSchool Stories _cby/Paro Anand |
||
| 260 |
_aGurgaon _bScholastic |
||
| 300 |
_a111p _bill. _c22cm(pbk) |
||
| 942 |
_2ddc _cCH _hS _kANA |
||
| 999 |
_c79346 _d79346 |
||